แสดงรายละเอียดบรรณานุกรม
  กลับหน้าหลัก

Brief Record : Get Marc (ISO 2709) : E-mail record : QR code ปิดหน้าต่าง
E-books : เกี่ยวกับ Collections
LEADER 00000nam 2200000uu 4500
001    213514
003     ULIBM
008    230702s||||||||th 000 0 tha d
020    ^a978-1-284-15494-8
040    ^abcnkk
041    ^aeng
060 04 ^aWA950^bZ54p 2021
100 1  ^aZeni, Mary B.
245 10 ^aPrinciples of epidemiology for advanced nursing practice :^ba population health perspective /^cMary Beth Zeni
250    ^a1st ed.
260    ^aBurlington, M.A. :^bJones & Bartlett Learning ,^c2021
300    ^axi, 306 p. :^bill. ;^c23 cm.
504    ^aIncludes bibliographical references and index
650  2 ^aEpidemiology^xMethodology
650  2 ^aNurses Instruction
650  2 ^aPopulation Health
650  2 ^aPublic Health Nursing
999    ^aใช้งานได้ทุกระบบ
รายการนี้ยังไม่มีแท็ก
คุณยังไม่ได้ล็อกอิน คุณสามารถมีกิจกรรมร่วมกับเว็บไซต์ได้ แต่ต้องล็อกอินก่อน ::
  ล็อกอิน
ลำดับที่ ประเภท เลขเรียก สถานที่ สถานะ
1. การพยาบาล (ตำราหลัก)
การพยาบาล (ตำราหลัก)
WA950 Z54p 2021 c.1 
  
การพยาบาลชุมชน On Shelf
  ขอยืม
Note:จัดซื้อปีงบฯ 2564
   [แสดง 1/1 รายการ]

รายการใกล้เคียง
    หัวเรื่อง [Nurses Instruction]
    หัวเรื่อง [Public Health Nursing]

BibComment


ยังไม่เคยถูกคอมเมนท์

คอมเมนท์ทรัพยากรรายการนี้
  คอมเมนท์: Principles of ep..
Bib 213514

 
 
 

 Union Library Management : ULibM
Copyright 2026. All Rights Reserved.
скачать бесплатно без регистрации порно красивый секс HD Sex Hindi sex

xxx gou

xxxx

bfxxx

xxxwww

Секса Видео

xxxx

Секса Видео

detube

geilexxx

C99 Shell

worms shell

blod xxx video
Ebony Coed Rihanna Rimes Takes A Dick In Her Young Twat priyaa indian fuck anal and pusssy hardcore indian women xxx desi hardcore fucking part 1 bengalixxxcouple